| 000 | 00449nam a22001457a 4500 | ||
|---|---|---|---|
| 082 | _aP-627 | ||
| 100 |
_aMuhammad Imran shahid _950820 |
||
| 245 | _aStructural health monitoring using pressure sensitive properties of carbon microfiber reinforced concrete matrix | ||
| 260 |
_aRisalpur, _bMCE, _c2015. |
||
| 300 | _a45p. | ||
| 526 |
_a0 _b0 _c0 _dP_627 |
||
| 526 |
_a0 _b0 _c0 _dP_627 |
||
| 700 |
_aLt Col Maqbool sadiq awan _950821 |
||
| 942 |
_2ddc _cBK |
||
| 999 |
_c553559 _d553559 |
||